[Event "40th ECC Open 2025"]
[Site "Rhodes GRE"]
[Date "2025.10.24"]
[Round "6.46"]
[White "Domingo Nunez, Ruben"]
[Black "Stefanou, Dimitrios"]
[Result "0-1"]
[WhiteTitle "IM"]
[BlackTitle "FM"]
[WhiteElo "2422"]
[BlackElo "2334"]
[WhiteTeam "Silla-Integrant Col.lectius"]
[BlackTeam "Kavala"]
[WhiteFideId "22245570"]
[BlackFideId "25825011"]
[EventDate "2025.10.19"]

1. Nf3 g6 2. e4 Bg7 3. d4 d6 4. Nc3 Nf6 5. h3 O-O 6. Be3 a6 7. a4 Nc6 8. a5 e6
9. Qd2 b5 10. Bd3 Nb4 11. Bh6 Nxd3+ 12. cxd3 c5 13. dxc5 dxc5 14. O-O Bb7 15.
Qe3 Nd7 16. h4 Bxh6 17. Qxh6 Qf6 18. Rae1 Qg7 19. Qe3 e5 20. h5 Rad8 21. h6 Qf6
22. Ne2 Qd6 23. Rc1 Rc8 24. Nh4 Rfd8 25. Qg3 Kh8 26. Nf5 Qf8 27. Ng7 Qd6 28.
Rfd1 Qf6 29. Qe3 Qe7 30. Rf1 Rc6 31. Rc2 Qh4 32. Rfc1 Rd6 33. b4 Nf6 34. Qh3
Qxh3 35. gxh3 c4 36. dxc4 Bxe4 37. Rc3 bxc4 38. Kh2 Bd3 39. Ng3 Ng8 0-1

[Event "40th ECC Open 2025"]
[Site "Rhodes GRE"]
[Date "2025.10.24"]
[Round "6.47"]
[White "Koutlas, Nikolaos"]
[Black "Luque Saiz, Andres"]
[Result "1-0"]
[WhiteTitle "FM"]
[BlackTitle "FM"]
[WhiteElo "2302"]
[BlackElo "2343"]
[WhiteTeam "Kavala"]
[BlackTeam "Silla-Integrant Col.lectius"]
[WhiteFideId "25827138"]
[BlackFideId "24510793"]
[EventDate "2025.10.19"]

1. e4 c6 2. d4 d5 3. exd5 cxd5 4. Bd3 Nc6 5. c3 Qc7 6. h3 Bd7 7. Nf3 e6 8. O-O
Bd6 9. Re1 Nge7 10. b3 f6 11. c4 a6 12. Nc3 Kf7 13. a3 h5 14. h4 b6 15. Bd2 Qa7
16. b4 dxc4 17. Bxc4 b5 18. Ba2 Nd8 19. Ne4 Qb8 20. Ne5+ fxe5 21. Nxd6+ Qxd6 22.
Qf3+ Kg6 23. Qxa8 exd4 24. Qe4+ Nf5 25. Rac1 Re8 26. g4 hxg4 27. Qxg4+ Kh7 28.
Qh5+ Nh6 29. Bb1+ Kg8 30. Bxh6 gxh6 31. Qg6+ Kf8 32. Qxh6+ Ke7 33. Qg5+ Kf8 34.
Qf6+ Nf7 35. Bg6 Re7 36. Rc5 1-0

[Event "40th ECC Open 2025"]
[Site "Rhodes GRE"]
[Date "2025.10.24"]
[Round "6.48"]
[White "Garcia Molina, Jose"]
[Black "Ketzetzis, Georgios"]
[Result "0-1"]
[WhiteTitle "FM"]
[BlackTitle "FM"]
[WhiteElo "2206"]
[BlackElo "2260"]
[WhiteTeam "Silla-Integrant Col.lectius"]
[BlackTeam "Kavala"]
[WhiteFideId "32030592"]
[BlackFideId "4215206"]
[EventDate "2025.10.19"]

1. Nf3 c5 2. c4 Nc6 3. g3 e5 4. Nc3 g6 5. Bg2 Bg7 6. O-O Nge7 7. Ne1 h5 8. Nc2
h4 9. Ne3 d6 10. d3 Be6 11. Ne4 Qd7 12. Ng5 O-O-O 13. Nxe6 Qxe6 14. Rb1 Rh7 15.
b4 cxb4 16. Qa4 hxg3 17. fxg3 e4 18. Bxe4 Bd4 19. Rxb4 Nxb4 20. Qxb4 Nc6 21. Qb5
f5 22. Rxf5 Ne5 23. Rf2 Ng4 24. Bd5 Qe5 25. Nxg4 Qxe2 26. Be3 Bxe3 27. Nxe3 Qxe3
28. Qa5 Rf8 29. Qd2 Qxf2+ 0-1

[Event "40th ECC Open 2025"]
[Site "Rhodes GRE"]
[Date "2025.10.24"]
[Round "6.49"]
[White "Bellahcene, Bilel"]
[Black "Johansson, Linus"]
[Result "1/2-1/2"]
[WhiteTitle "GM"]
[BlackTitle "IM"]
[WhiteElo "2485"]
[BlackElo "2408"]
[WhiteTeam "CE Nyon"]
[BlackTeam "Limhamns SK"]
[WhiteFideId "696358"]
[BlackFideId "1711113"]
[EventDate "2025.10.19"]

1. e4 c5 2. Nf3 d6 3. d4 cxd4 4. Nxd4 Nf6 5. Nc3 a6 6. Be2 e5 7. Nb3 Be7 8. Bg5
Be6 9. Bxf6 Bxf6 10. Qd3 Be7 11. O-O-O Nd7 12. Nd5 Bxd5 13. Qxd5 Qc7 14. Kb1 O-O
15. c3 b5 16. Na1 Rfd8 17. Qd3 Qb7 18. Nc2 Nc5 19. Qd5 Qxd5 20. exd5 Re8 21. Nb4
Bd8 22. f3 Bb6 23. Rhe1 g6 24. Kc2 h5 25. Nc6 Kg7 26. b4 Nd7 27. Kb3 Nf6 28. a4
bxa4+ 29. Kxa4 e4 30. Rf1 exf3 31. Bxf3 Ng4 32. Bxg4 hxg4 33. Rd2 f5 34. g3 Kf6
35. c4 Re4 36. Rc2 Rae8 37. Kb3 Re3+ 38. Kb2 Re2 39. Ra1 f4 40. gxf4 Rxc2+ 41.
Kxc2 Re2+ 42. Kd3 Re3+ 43. Kd2 Rh3 44. c5 dxc5 45. Rxa6 Bc7 46. Nd4+ Kf7 47. Ne6
Rxh2+ 48. Ke3 cxb4 49. Nxc7 b3 50. d6 b2 51. Rb6 g3 52. d7 Ke7 53. Rd6 Rh8 54.
Rd1 Rd8 55. Nd5+ Kxd7 56. Nc3+ Ke7 57. Rxd8 Kxd8 58. Kf3 Ke7 59. Kxg3 Kf7 60.
Kg4 1/2-1/2

[Event "40th ECC Open 2025"]
[Site "Rhodes GRE"]
[Date "2025.10.24"]
[Round "6.50"]
[White "Jepson, Christian"]
[Black "Charnushevich, Aliaksei"]
[Result "0-1"]
[WhiteTitle "IM"]
[BlackTitle "GM"]
[WhiteElo "2402"]
[BlackElo "2496"]
[WhiteTeam "Limhamns SK"]
[BlackTeam "CE Nyon"]
[WhiteFideId "1701185"]
[BlackFideId "13500767"]
[EventDate "2025.10.19"]

1. c4 e5 2. Nc3 Bb4 3. Nd5 Be7 4. d4 exd4 5. Qxd4 Nf6 6. Nxe7 Qxe7 7. Bg5 Nc6 8.
Qc3 d6 9. e3 Ne4 10. Bxe7 Nxc3 11. Bh4 Ne4 12. Nf3 h5 13. Nd2 Nc5 14. f3 Nb4 15.
Kd1 a5 16. Nb3 Ne6 17. Nd4 Nxd4 18. exd4 Bf5 19. Bf2 c5 20. d5 Nd3 21. Bxd3 Bxd3
22. b3 b5 23. Kd2 bxc4 24. Kc3 Kd7 25. bxc4 Bg6 26. Rhe1 a4 27. Re2 Rhe8 28.
Rae1 Rxe2 29. Rxe2 Rb8 30. Bh4 f6 31. Rb2 Rxb2 32. Kxb2 Bd3 33. Kc3 Bf1 34. g4
hxg4 35. fxg4 g5 36. Bg3 Bh3 37. Bf2 Ke8 38. Bg3 Ke7 39. Bf2 Bxg4 40. h4 f5 41.
hxg5 f4 42. Be1 Be2 43. a3 Kf7 44. Bd2 f3 45. Be1 Kg6 46. Bg3 Kxg5 47. Kd2 Bxc4
48. Ke3 Bxd5 49. Bxd6 c4 50. Bb4 Kg4 51. Be1 Bb7 52. Kd4 Ba6 53. Ke3 Bb5 54. Ke4
c3 55. Ke3 c2 56. Kd2 Bd3 0-1

[Event "40th ECC Open 2025"]
[Site "Rhodes GRE"]
[Date "2025.10.24"]
[Round "6.51"]
[White "Willems, Niels"]
[Black "Lindgren, Philip"]
[Result "1-0"]
[WhiteTitle "FM"]
[BlackTitle "IM"]
[WhiteElo "2373"]
[BlackElo "2385"]
[WhiteTeam "CE Nyon"]
[BlackTeam "Limhamns SK"]
[WhiteFideId "20695586"]
[BlackFideId "1713230"]
[EventDate "2025.10.19"]

1. c4 c6 2. Nf3 d5 3. e3 Nf6 4. Nc3 Nbd7 5. Qc2 e6 6. b3 b6 7. Bb2 Bb7 8. Be2
Rc8 9. d4 Be7 10. O-O O-O 11. Rad1 c5 12. dxc5 bxc5 13. Bd3 dxc4 14. Bxc4 Bxf3
15. gxf3 Qb6 16. f4 Rfd8 17. f5 Ne5 18. fxe6 fxe6 19. Ne4 Nf3+ 20. Kg2 Nh4+ 21.
Kh3 Nd5 22. Rg1 Ng6 23. Ng5 Qc6 24. Nxh7 Ndf4+ 25. Kg4 Rxd1 26. Qxd1 Kxh7 27.
exf4 Rf8 28. Bc1 Qe4 29. Kh3 Rxf4 30. Bxf4 Nxf4+ 31. Kg3 Kh6 32. f3 Qg6+ 33.
Kxf4 Bg5+ 34. Rxg5 Qxg5+ 35. Ke4 Qf5+ 36. Ke3 1-0

[Event "40th ECC Open 2025"]
[Site "Rhodes GRE"]
[Date "2025.10.24"]
[Round "6.52"]
[White "Brynell, Stellan"]
[Black "Dudognon, Thibault"]
[Result "0-1"]
[WhiteTitle "GM"]
[BlackTitle "IM"]
[WhiteElo "2378"]
[BlackElo "2344"]
[WhiteTeam "Limhamns SK"]
[BlackTeam "CE Nyon"]
[WhiteFideId "1700219"]
[BlackFideId "20675569"]
[EventDate "2025.10.19"]

1. d4 Nf6 2. Nf3 c5 3. d5 e6 4. c4 b5 5. Bg5 exd5 6. cxd5 h6 7. Bxf6 Qxf6 8. Qc2
c4 9. e4 Bb4+ 10. Nc3 d6 11. a4 Bxc3+ 12. bxc3 bxa4 13. Bxc4 O-O 14. Rxa4 a5 15.
Bb5 Bd7 16. Bxd7 Nxd7 17. O-O Nc5 18. Ra3 Rfe8 19. Nd2 Qe7 20. Re1 a4 21. f4
Reb8 22. Kh1 Qa7 23. e5 Rb2 0-1

[Event "40th ECC Open 2025"]
[Site "Rhodes GRE"]
[Date "2025.10.24"]
[Round "6.53"]
[White "Joie, Sebastien"]
[Black "Ziegler, Ari"]
[Result "1/2-1/2"]
[WhiteTitle "IM"]
[BlackTitle "IM"]
[WhiteElo "2369"]
[BlackElo "2297"]
[WhiteTeam "CE Nyon"]
[BlackTeam "Limhamns SK"]
[WhiteFideId "650420"]
[BlackFideId "1700987"]
[EventDate "2025.10.19"]

1. d4 Nf6 2. Nf3 g6 3. Nbd2 d5 4. b4 Bg7 5. Bb2 O-O 6. e3 c6 7. c4 Bg4 8. Bd3
Nbd7 9. Qb3 dxc4 10. Nxc4 Bxf3 11. gxf3 Nd5 12. f4 N7b6 13. Na5 Rb8 14. h4 Nf6
15. Rg1 e6 16. Be2 Qd5 17. Qc2 Rfc8 18. h5 Qf5 19. Qd1 Nfd5 20. hxg6 hxg6 21.
Qb3 Qf6 22. Rc1 Qe7 23. a3 Rd8 24. Bd3 Rd7 25. Qd1 Rbd8 26. Qf3 Na4 27. Ba1 Nxb4
28. axb4 Qxb4+ 29. Ke2 Qxa5 30. Qh3 Qd5 31. Rg5 Qa2+ 32. Kf3 Qa3 33. Rd1 Nc3 34.
Rh1 Kf8 35. Bxg6 fxg6 36. Rxg6 Nd5 37. Qxe6 Rf7 38. Rxg7 Rxf4+ 39. Kg2 Kxg7 40.
Qh6+ Kf7 41. Qh7+ Ke8 42. exf4 Nxf4+ 43. Kh2 Qe7 44. Qg8+ Kd7 45. Qg4+ Qe6 46.
Qxe6+ Kxe6 47. Re1+ Kd7 48. Bc3 Nd5 49. Bd2 b6 50. Kg3 a5 51. f4 a4 52. f5 b5
53. Rh1 Rg8+ 54. Kf3 Rg7 55. Rh8 Rf7 56. Ke4 Kc7 57. Ba5+ Kb7 58. Ke5 a3 59. Rh3
Re7+ 60. Kd6 Rf7 61. Rxa3 Rxf5 62. Rh3 Rf7 63. Rh1 Ne3 64. Bb4 Nd5 65. Bc5 Rg7
66. Ke6 Rg6+ 67. Kf5 Rg7 68. Ke6 Rg6+ 69. Kf5 Rg7 1/2-1/2

[Event "40th ECC Open 2025"]
[Site "Rhodes GRE"]
[Date "2025.10.24"]
[Round "6.54"]
[White "Carlsson, Daniel"]
[Black "Gautier, Selvan"]
[Result "0-1"]
[WhiteElo "2299"]
[BlackElo "2248"]
[WhiteTeam "Limhamns SK"]
[BlackTeam "CE Nyon"]
[WhiteFideId "1703021"]
[BlackFideId "26010208"]
[EventDate "2025.10.19"]

1. e4 e5 2. Nf3 Nc6 3. Bb5 a6 4. Ba4 f5 5. d4 exd4 6. e5 b5 7. Bb3 Na5 8. Bxg8
Rxg8 9. Nxd4 Bb7 10. Nxf5 g6 11. Ne3 Qg5 12. O-O O-O-O 13. a4 Nc4 14. Ng4 Qh4
15. axb5 axb5 16. b3 h5 17. bxc4 hxg4 18. Bf4 d6 19. e6 Bg7 20. Ra7 Be5 21. Bg3
Qh5 22. e7 Rd7 23. Rxb7 Bxg3 24. fxg3 Qc5+ 25. Kh1 Kxb7 26. Qxg4 Rxe7 27. Qf3+
Qc6 28. cxb5 Qxf3 29. gxf3 Re2 30. c4 Rc2 31. h4 Ra8 32. g4 Rh8 33. Kg1 Rxh4 34.
Rf2 Rc1+ 0-1

[Event "40th ECC Open 2025"]
[Site "Rhodes GRE"]
[Date "2025.10.24"]
[Round "6.55"]
[White "Camlar, Arda"]
[Black "Smirin, Ilia"]
[Result "1/2-1/2"]
[WhiteTitle "IM"]
[BlackTitle "GM"]
[WhiteElo "2490"]
[BlackElo "2554"]
[WhiteTeam "Guzelbahce Satranc Spor Kulubu"]
[BlackTeam "Perfect"]
[WhiteFideId "44576692"]
[BlackFideId "2801990"]
[EventDate "2025.10.19"]

1. Nf3 g6 2. d4 Bg7 3. c4 Nf6 4. Nc3 d5 5. cxd5 Nxd5 6. e3 O-O 7. Bc4 Nxc3 8.
bxc3 c5 9. O-O Qc7 10. Bb3 Nc6 11. Ba3 b6 12. Qe2 Na5 13. Rac1 Bb7 14. Rfd1 Rfd8
15. dxc5 Nxb3 16. axb3 bxc5 17. Qb5 Qb6 18. Rxd8+ Rxd8 19. Qxc5 Qxb3 20. Nd4 Qd5
21. Qxd5 Bxd5 22. Bxe7 Ra8 23. Ba3 Bc4 24. Ra1 a5 25. Bb4 a4 26. f3 f5 27. Kf2
Kf7 28. Ke1 Bh6 29. Kd2 Re8 30. f4 Ra8 31. Kc2 1/2-1/2

[Event "40th ECC Open 2025"]
[Site "Rhodes GRE"]
[Date "2025.10.24"]
[Round "6.56"]
[White "Hamitevici, Vladimir"]
[Black "Yildiz, Egehan"]
[Result "1-0"]
[WhiteTitle "GM"]
[BlackTitle "FM"]
[WhiteElo "2445"]
[BlackElo "2374"]
[WhiteTeam "Perfect"]
[BlackTeam "Guzelbahce Satranc Spor Kulubu"]
[WhiteFideId "13902393"]
[BlackFideId "44518072"]
[EventDate "2025.10.19"]

1. b3 d5 2. Bb2 c5 3. e3 a6 4. Nf3 Nc6 5. d4 cxd4 6. Nxd4 Nf6 7. Be2 e6 8. O-O
Bc5 9. Nxc6 bxc6 10. c4 O-O 11. Nc3 Qe7 12. Na4 Bd6 13. Nb6 Ra7 14. cxd5 cxd5
15. Bd4 Bb7 16. f4 Bc6 17. Rc1 Rc7 18. Bxa6 Rb8 19. Bd3 e5 20. fxe5 Bxe5 21. Bb1
Bb5 22. Nxd5 Nxd5 23. Qh5 f6 24. Bxh7+ Kf8 25. Bg6 Qe6 26. Qxe5 Rxc1 27. Qxb8+
Rc8 28. Qxb5 1-0

[Event "40th ECC Open 2025"]
[Site "Rhodes GRE"]
[Date "2025.10.24"]
[Round "6.57"]
[White "Burcu, Cagatay"]
[Black "Korsunsky, Yuri"]
[Result "1-0"]
[WhiteTitle "FM"]
[BlackTitle "IM"]
[WhiteElo "2255"]
[BlackElo "2369"]
[WhiteTeam "Guzelbahce Satranc Spor Kulubu"]
[BlackTeam "Perfect"]
[WhiteFideId "6310630"]
[BlackFideId "14102722"]
[EventDate "2025.10.19"]

1. d4 d6 2. e4 Nf6 3. Nc3 g6 4. Bf4 Bg7 5. Qd2 O-O 6. O-O-O a6 7. f3 b5 8. Bh6
Nc6 9. h4 e5 10. d5 Ne7 11. Nge2 b4 12. Nb1 c6 13. h5 cxd5 14. hxg6 fxg6 15.
Bxg7 Kxg7 16. Qh6+ Kg8 17. g4 Rf7 18. Ng3 Be6 19. g5 Nd7 20. exd5 Nxd5 21. Bh3
Bxh3 22. Rxd5 Bg2 23. Rh2 Bxf3 24. Rxd6 Kh8 25. Qxg6 Rg7 26. Qf5 Qxg5+ 27. Qxg5
Rxg5 28. Rxd7 Rxg3 29. Rdxh7+ Kg8 30. b3 Rg7 31. R7h6 a5 32. Nd2 Bd5 33. Nc4 Kf7
34. Nd6+ Ke7 35. Nf5+ Kf7 36. Nxg7 Kxg7 37. Rd6 Bf3 38. Kd2 e4 39. Ke3 Rc8 40.
Ra6 Rc5 41. Rd2 Rc3+ 42. Kf4 Rc7 43. Rdd6 Rf7+ 44. Ke3 1-0

[Event "40th ECC Open 2025"]
[Site "Rhodes GRE"]
[Date "2025.10.24"]
[Round "6.58"]
[White "Kurochkin, Victor"]
[Black "Dogan, Umut Anil"]
[Result "0-1"]
[BlackTitle "CM"]
[WhiteElo "2370"]
[BlackElo "2238"]
[WhiteTeam "Perfect"]
[BlackTeam "Guzelbahce Satranc Spor Kulubu"]
[WhiteFideId "4105168"]
[BlackFideId "51618060"]
[EventDate "2025.10.19"]

1. e4 c6 2. d4 d5 3. exd5 cxd5 4. Bd3 Nc6 5. c3 Nf6 6. h3 g6 7. Nf3 Bg7 8. O-O
O-O 9. Re1 Bf5 10. Bf1 Qc7 11. Be3 a6 12. Qc1 Bxb1 13. Rxb1 b5 14. Bf4 Qd7 15.
Ne5 Nxe5 16. Bxe5 Rfc8 17. Qe3 e6 18. Bd3 a5 19. Rbc1 b4 20. cxb4 axb4 21. Rxc8+
Qxc8 22. Rc1 Qd8 23. Bb1 Rc8 24. Qd2 Nd7 25. Bxg7 Kxg7 26. Rxc8 Qxc8 27. a3 bxa3
28. bxa3 Qa6 29. Qb4 Nb6 30. Bc2 Nc4 31. a4 Qa5 32. Qb1 Qc3 33. Bd3 Na5 34. Bf1
Qxd4 35. Qe1 Qxa4 36. Qe5+ Kf8 37. Qh8+ Ke7 38. Qxh7 Nc6 39. Qh8 Qd4 40. Qc8 Qb6
41. Qh8 Qb4 42. Qc8 Ne5 43. Qc7+ Kf6 44. Qd8+ Kg7 45. Qc7 Qf4 46. Qc2 Qb4 47.
Qc7 Qe1 48. Qc2 Nc4 49. Qe2 Qc1 50. Kh2 Nd2 51. Qe5+ f6 52. Qxe6 Nxf1+ 53. Kg1
Nd2+ 54. Kh2 Qc7+ 0-1

[Event "40th ECC Open 2025"]
[Site "Rhodes GRE"]
[Date "2025.10.24"]
[Round "6.59"]
[White "Gur, Ali"]
[Black "Slavin, Gennadie"]
[Result "1/2-1/2"]
[WhiteTitle "CM"]
[WhiteElo "2222"]
[BlackElo "2207"]
[WhiteTeam "Guzelbahce Satranc Spor Kulubu"]
[BlackTeam "Perfect"]
[WhiteFideId "51684349"]
[BlackFideId "4104870"]
[EventDate "2025.10.19"]

1. e4 e6 2. d3 d5 3. Nd2 Nf6 4. g3 Be7 5. Bg2 a5 6. Ngf3 a4 7. a3 h6 8. O-O O-O
9. Qe2 c5 10. Re1 Nc6 11. Nf1 Re8 12. h4 Bf8 13. e5 Nh7 14. Bf4 b5 15. c3 b4 16.
cxb4 cxb4 17. Rec1 Qb6 18. axb4 Nxb4 19. Be3 Qa6 20. Ne1 Bd7 21. Nh2 Bb5 22. Bf1
Rec8 23. Rxc8 Rxc8 24. Nhf3 Be7 25. Nd4 Be8 26. f4 Nc6 27. Nef3 Nxd4 28. Nxd4
Bc5 29. Qf2 Qb6 30. Rc1 Bd7 31. g4 f6 32. Nf5 Bxe3 33. Rxc8+ Bxc8 34. Qxe3 Qxe3+
35. Nxe3 g5 36. d4 gxf4 37. Ng2 fxe5 38. dxe5 f3 39. Ne1 Nf8 40. Nxf3 Nd7 41.
Kf2 Nc5 42. Ke3 Ba6 43. Bxa6 Nxa6 44. Nd4 Kf7 45. Nb5 Nb4 46. Nd4 Na6 47. Kd2
Nc5 48. Nf3 Nb3+ 49. Kc2 Na5 50. Kc3 Nc4 51. h5 Kg7 52. g5 hxg5 53. Nxg5 Kh6 54.
Nxe6 Nxe5 55. Nf4 Nc4 56. Nxd5 a3 57. bxa3 Nxa3 1/2-1/2

[Event "40th ECC Open 2025"]
[Site "Rhodes GRE"]
[Date "2025.10.24"]
[Round "6.60"]
[White "Pleshkov, Mikhail"]
[Black "Karaca, Yigit"]
[Result "0-1"]
[WhiteElo "2033"]
[BlackElo "2183"]
[WhiteTeam "Perfect"]
[BlackTeam "Guzelbahce Satranc Spor Kulubu"]
[WhiteFideId "34106917"]
[BlackFideId "26314118"]
[EventDate "2025.10.19"]

1. d4 d5 2. Nf3 Nf6 3. e3 c5 4. b3 cxd4 5. exd4 g6 6. Bd3 Bg7 7. O-O O-O 8. Bb2
Nc6 9. a3 Bf5 10. Qe2 e6 11. Nbd2 Rc8 12. h3 Qc7 13. Rac1 a6 14. c4 Rfd8 15.
Rfd1 Nh5 16. Bxf5 exf5 17. cxd5 Nf4 18. Qf1 Rxd5 19. Nc4 Rcd8 20. Ne3 R5d7 21.
Ne5 Bxe5 22. dxe5 Nd3 23. Ba1 Nxc1 24. Rxc1 Qb6 25. b4 Nd4 26. Nc4 Qe6 27. f4 b5
28. Nd6 Rxd6 29. exd6 Ne2+ 30. Kh2 Nxc1 31. Qxc1 f6 32. Bd4 Qxd6 33. Bc5 Qd2 34.
Qf1 Re8 35. Ba7 Kg7 36. Qf3 Re4 37. Bb8 Qd8 38. Ba7 Qc7 0-1

[Event "40th ECC Open 2025"]
[Site "Rhodes GRE"]
[Date "2025.10.24"]
[Round "6.61"]
[White "Baselmans, Luuk"]
[Black "Erdos, Viktor"]
[Result "1/2-1/2"]
[WhiteTitle "FM"]
[BlackTitle "GM"]
[WhiteElo "2384"]
[BlackElo "2538"]
[WhiteTeam "De Stukkenjagers"]
[BlackTeam "MTK Budapest"]
[WhiteFideId "1051008"]
[BlackFideId "719978"]
[EventDate "2025.10.19"]

1. e4 e5 2. Nf3 Nc6 3. Bb5 a6 4. Ba4 Nf6 5. O-O b5 6. Bb3 Bb7 7. Re1 Bc5 8. c3
d6 9. d4 Bb6 10. Be3 O-O 11. Nbd2 Re8 12. a4 Na5 13. axb5 axb5 14. Bc2 c5 15. d5
c4 16. Bxb6 Qxb6 17. Qe2 Ra6 18. Ra3 Rea8 19. Rea1 Bc8 20. h3 Nb7 21. Rxa6 Rxa6
22. Qd1 Nc5 23. Rxa6 Qxa6 24. Qb1 Qa5 25. Nf1 g6 26. Ne3 Nh5 27. Kh2 Nf4 28. Nd2
Kg7 29. Qf1 Qa2 30. Qb1 Qa5 31. Qf1 Qa2 32. Qb1 Qa7 33. Qf1 Bd7 34. b3 cxb3 35.
Nxb3 Nxb3 36. Bxb3 Qc5 37. Qe1 Qa3 38. Bc2 Qc5 1/2-1/2

[Event "40th ECC Open 2025"]
[Site "Rhodes GRE"]
[Date "2025.10.24"]
[Round "6.62"]
[White "Juhasz, Agoston"]
[Black "Van Roon, Sjoerd"]
[Result "1/2-1/2"]
[WhiteTitle "IM"]
[BlackTitle "FM"]
[WhiteElo "2434"]
[BlackElo "2288"]
[WhiteTeam "MTK Budapest"]
[BlackTeam "De Stukkenjagers"]
[WhiteFideId "778346"]
[BlackFideId "1051075"]
[EventDate "2025.10.19"]

1. e4 c5 2. Nf3 Nc6 3. Bb5 Nd4 4. Nxd4 cxd4 5. c3 a6 6. Ba4 b5 7. Bc2 g6 8. cxd4
Bg7 9. d5 e6 10. O-O Bb7 11. Nc3 Ne7 12. d4 exd5 13. exd5 d6 14. Bg5 O-O 15. Re1
Re8 16. a4 b4 17. Ne4 Qd7 18. a5 Nxd5 19. Rc1 Rac8 20. Qd2 f5 21. Ng3 Rxe1+ 22.
Rxe1 h6 23. Bxh6 Rxc2 24. Qxc2 Bxh6 25. h4 Nf4 26. f3 Kh7 27. Qc4 Nd5 28. h5
Be3+ 29. Rxe3 Nxe3 30. hxg6+ Kh8 31. Qxb4 Nd5 32. Qb3 f4 33. Nf5 Qxf5 34. Qxb7
Qb1+ 35. Kh2 Qxg6 36. Qxd5 Qg3+ 1/2-1/2

[Event "40th ECC Open 2025"]
[Site "Rhodes GRE"]
[Date "2025.10.24"]
[Round "6.63"]
[White "Bijlsma, Nick"]
[Black "Pribelszky, Bence"]
[Result "0-1"]
[WhiteTitle "FM"]
[BlackTitle "IM"]
[WhiteElo "2280"]
[BlackElo "2403"]
[WhiteTeam "De Stukkenjagers"]
[BlackTeam "MTK Budapest"]
[WhiteFideId "1007041"]
[BlackFideId "769738"]
[EventDate "2025.10.19"]

1. d4 e6 2. c4 b6 3. Nf3 Bb7 4. a3 f5 5. Nc3 Nf6 6. d5 Bd6 7. g3 c6 8. dxc6 dxc6
9. Bg5 O-O 10. Bxf6 Rxf6 11. e4 Qc7 12. Qc2 Nd7 13. O-O-O Raf8 14. Bg2 Nc5 15.
Rxd6 Qxd6 16. Rd1 Qc7 17. e5 Rg6 18. Nh4 Rg4 19. f4 g5 20. Bf3 gxh4 21. Bxg4
fxg4 22. b4 Nd7 23. Rd6 Rf7 24. Ne4 Nf8 25. c5 bxc5 26. Nxc5 Bc8 27. Qe2 h5 28.
Ne4 c5 29. bxc5 Bb7 30. Ng5 Qxc5+ 31. Kb2 Rc7 32. Qd3 Bd5 0-1

[Event "40th ECC Open 2025"]
[Site "Rhodes GRE"]
[Date "2025.10.24"]
[Round "6.64"]
[White "Papp, Levente"]
[Black "Froeyman, Helmut"]
[Result "1-0"]
[WhiteTitle "FM"]
[BlackTitle "FM"]
[WhiteElo "2360"]
[BlackElo "2268"]
[WhiteTeam "MTK Budapest"]
[BlackTeam "De Stukkenjagers"]
[WhiteFideId "751243"]
[BlackFideId "203602"]
[EventDate "2025.10.19"]

1. Nf3 f5 2. d3 d6 3. e4 e5 4. Nc3 Nc6 5. exf5 Nge7 6. g4 h5 7. gxh5 Nxf5 8. Rg1
Be7 9. Nd5 Be6 10. Bh3 Rf8 11. Nxe7 Qxe7 12. Rg6 Nfd4 13. Nxd4 Nxd4 14. Bxe6
Nxe6 15. Qg4 Rf6 16. Be3 O-O-O 17. O-O-O Kb8 18. Rg1 Rh8 19. h4 Rxg6 20. Qxg6
Kc8 21. Rg3 Kd7 22. Qg4 a6 23. d4 c6 24. dxe5 dxe5 25. Bg5 Qe8 26. Re3 Rxh5 27.
Rxe5 Rh8 28. Qd1+ Kc7 29. Bf4 Nxf4 30. Rxe8 Rxe8 31. Qg4 Ne6 32. f4 Re7 33. f5
Nf8 34. Qf4+ Kc8 35. f6 gxf6 36. Qxf6 Re8 37. Qf7 Rd8 38. h5 Nd7 39. h6 Rf8 40.
Qg7 Rf1+ 41. Kd2 1-0

[Event "40th ECC Open 2025"]
[Site "Rhodes GRE"]
[Date "2025.10.24"]
[Round "6.65"]
[White "Baselmans, Sam"]
[Black "Juhasz, Armin"]
[Result "0-1"]
[BlackTitle "IM"]
[WhiteElo "2264"]
[BlackElo "2375"]
[WhiteTeam "De Stukkenjagers"]
[BlackTeam "MTK Budapest"]
[WhiteFideId "1048139"]
[BlackFideId "724270"]
[EventDate "2025.10.19"]

1. e4 c6 2. d4 d5 3. exd5 cxd5 4. Bd3 Nc6 5. c3 Qc7 6. h3 Nf6 7. Nf3 g6 8. O-O
Bf5 9. Re1 Bxd3 10. Qxd3 Bg7 11. Be3 O-O 12. Nbd2 Rac8 13. g3 Nh5 14. Kg2 f5 15.
Nf1 Rce8 16. Rad1 e6 17. Re2 h6 18. Rde1 g5 19. Bxg5 hxg5 20. Nxg5 Nd8 21. Nxe6
Nxe6 22. Rxe6 Rxe6 23. Rxe6 f4 24. Nd2 fxg3 25. fxg3 Qf7 26. Qe2 Qf5 27. Nf3 Nf6
28. Re5 Qb1 29. a3 Bh6 30. c4 Bc1 31. Qd1 Qxb2+ 32. Re2 Qxa3 33. Rc2 Bh6 34. Ne5
Bg7 35. cxd5 Nxd5 36. Kh2 Ne3 37. Qe2 Nf1+ 0-1

[Event "40th ECC Open 2025"]
[Site "Rhodes GRE"]
[Date "2025.10.24"]
[Round "6.66"]
[White "Matyassy, Lazar"]
[Black "Raats, Joppe"]
[Result "1-0"]
[WhiteTitle "FM"]
[WhiteElo "2313"]
[BlackElo "2252"]
[WhiteTeam "MTK Budapest"]
[BlackTeam "De Stukkenjagers"]
[WhiteFideId "17005167"]
[BlackFideId "238902"]
[EventDate "2025.10.19"]

1. e4 e5 2. Nf3 Nc6 3. Nc3 Nf6 4. d4 exd4 5. Nxd4 Nxe4 6. Nxe4 Qe7 7. Bd3 Nxd4
8. O-O d5 9. Bc4 Nf3+ 10. Qxf3 Qxe4 11. Bxd5 Qxf3 12. Bxf3 c6 13. a4 Be7 14. Re1
Be6 15. h3 O-O-O 16. Be3 Kb8 17. a5 a6 18. c3 Bf6 19. Bf4+ Ka8 20. Be5 Bxe5 21.
Rxe5 Rd2 22. b4 Rhd8 23. Rae1 Kb8 24. Rg5 g6 25. Rc5 Rb2 26. Rce5 Rc2 27. R5e3
Kc7 28. Bg4 Bxg4 29. hxg4 Rcd2 30. Rh3 R8d7 31. Rxh7 c5 32. Re4 cxb4 33. cxb4
Kd6 34. Rf4 Ke6 35. g5 R2d4 36. Rf6+ Ke5 37. Rhxf7 Rxf7 38. Rxf7 Rxb4 39. Rf6
Rb1+ 40. Kh2 Rb5 41. f4+ Ke4 42. Kg3 Rxa5 43. Rxg6 Rc5 44. Rb6 Kf5 45. Rf6+ Ke4
46. Kg4 a5 47. Rb6 Rc8 48. Rxb7 Ra8 49. g6 a4 50. g7 a3 51. Rb4+ Ke3 52. Ra4
Rxa4 53. g8=Q Rxf4+ 54. Kg3 Rd4 55. Qe6+ Kd3 56. Qb3+ Ke4 57. Qf3+ 1-0